| 000 | 00352nam a22001457a 4500 | ||
|---|---|---|---|
| 003 | MACL | ||
| 005 | 20190911150411.0 | ||
| 008 | 190911b xxu||||| |||| 00| 0 eng d | ||
| 040 | _c MACL | ||
| 100 |
_aRafizadeh, Majid _976616 |
||
| 245 | _aA God Who Hates Women | ||
| 260 |
_aDelhi _bFingerPrint _c2015 |
||
| 650 |
_aStory _976617 |
||
| 942 |
_2ddc _cBK |
||
| 999 |
_c60980 _d60980 |
||